Normal view
MARC view
- جرائم الأموال -- قوانين وتشريعات --الجريمة والمجرمون -- القانون الجنائي
Entry Topical Term
001 - CONTROL NUMBER
- control field: 43874
003 - CONTROL NUMBER IDENTIFIER
- control field: JO-AjAnu
005 - DATE AND TIME OF LATEST TRANSACTION
- control field: 20230606081252.0
008 - FIXED-LENGTH DATA ELEMENTS
- fixed length control field: 230606|| aca||aabn | a|a d
040 ## - CATALOGING SOURCE
- Original cataloging agency: JO-AjAnu
- Transcribing agency: JO-AjAnu
150 ## - HEADING--TOPICAL TERM
- Topical term or geographic name entry element: جرائم الأموال -- قوانين وتشريعات --الجريمة والمجرمون -- القانون الجنائي
670 ## - SOURCE DATA FOUND
- Source citation: Work cat.: (JO-AjAnu)22464: دزه يي ، أوزدن حسين , author 43873, جريمة غسيل الأموال